Historic County Towns of England - Statistics

General Stats
  • This quiz has been taken 69 times
  • The average score is 32 of 39
Answer Stats
County Answer % Correct
Cambridgeshire Cambridge
100%
Derbyshire Derby
100%
County Durham Durham
100%
Gloucestershire Gloucester
100%
Lincolnshire Lincoln
100%
Nottinghamshire Nottingham
100%
Oxfordshire Oxford
100%
Bedfordshire Bedford
98%
Herefordshire Hereford
98%
Leicestershire Leicester
98%
Warwickshire Warwick
98%
Northamptonshire Northampton
97%
Norfolk Norwich
97%
Worcestershire Worcester
97%
Yorkshire York
97%
Cheshire Chester
93%
Suffolk Ipswich
93%
Lancashire Lancaster
93%
Staffordshire Stafford
90%
Cornwall Truro
90%
Cumberland Carlisle
88%
Hertfordshire Hertford
87%
Huntingdonshire Huntingdon
87%
Berkshire Reading
87%
Devon Exeter
85%
Shropshire Shrewsbury
80%
Essex Chelmsford
75%
Kent Maidstone
75%
Hampshire Winchester
72%
Surrey Guildford
65%
Somerset Taunton
65%
Dorset Dorchester
63%
Rutland Oakham
62%
Buckinghamshire Aylesbury
58%
Middlesex Brentford
47%
Northumberland Alnwick
45%
Wiltshire Trowbridge
45%
Sussex Lewes
43%
Westmorland Appleby
40%
No matching quizzes found
Score Distribution
Percent of People with Each Score
Percentile by Number Answered
Your Score History
You have not taken this quiz